<?xml version="1.0" encoding="UTF-8"?><?xml-stylesheet type="text/xsl" href="static/style.xsl"?><OAI-PMH xmlns="http://www.openarchives.org/OAI/2.0/" xmlns:xsi="http://www.w3.org/2001/XMLSchema-instance" xsi:schemaLocation="http://www.openarchives.org/OAI/2.0/ http://www.openarchives.org/OAI/2.0/OAI-PMH.xsd"><responseDate>2026-06-01T19:11:50Z</responseDate><request verb="GetRecord" identifier="oai:riubu.ubu.es:10259/5869" metadataPrefix="marc">https://riubu.ubu.es/oai/request</request><GetRecord><record><header><identifier>oai:riubu.ubu.es:10259/5869</identifier><datestamp>2021-11-03T23:01:41Z</datestamp><setSpec>com_10259_2699</setSpec><setSpec>col_10259_2705</setSpec></header><metadata><record xmlns="http://www.loc.gov/MARC21/slim" xmlns:doc="http://www.lyncode.com/xoai" xmlns:xsi="http://www.w3.org/2001/XMLSchema-instance" xmlns:dcterms="http://purl.org/dc/terms/" xsi:schemaLocation="http://www.loc.gov/MARC21/slim http://www.loc.gov/standards/marcxml/schema/MARC21slim.xsd">
<leader>00925njm 22002777a 4500</leader>
<datafield tag="042" ind1=" " ind2=" ">
<subfield code="a">dc</subfield>
</datafield>
<datafield tag="720" ind1=" " ind2=" ">
<subfield code="a">Vidal Cordasco, Marco Adolfo</subfield>
<subfield code="e">author</subfield>
</datafield>
<datafield tag="260" ind1=" " ind2=" ">
<subfield code="c">2021</subfield>
</datafield>
<datafield tag="520" ind1=" " ind2=" ">
<subfield code="a">Se estudian las consecuencias que pudieron tener los cambios en el tamaño y las proporciones corporales de los homininos del Pleistoceno para el coste energético de algunas actividades físicas necesarias para la supervivencia. Se efectuaron mediciones antropométricas, de composición corporal y de gasto energético a sujetos in vivo mientras realizaron actividades de locomoción y transporte de pesos. Con ello, se obtuvieron modelos predictivos para estimar el coste de la locomoción y la eficiencia de forrajeo en distintas especies de homininos. Los resultados obtenidos sugieren que la estrechez pélvica de nuestra especie no reduce el coste energético de la locomoción. Además, la eficiencia de forrajeo habría sido mayor en los homininos del Pleistoceno inferior que en aquellos del Pleistoceno medio; sin embargo, los márgenes de error en las estimaciones de la masa corporal impiden asegurar si esa eficiencia difiere entre los homininos del Pleistoceno medio y aquellos del Pleistoceno superior.</subfield>
</datafield>
<datafield tag="024" ind2=" " ind1="8">
<subfield code="a">http://hdl.handle.net/10259/5869</subfield>
</datafield>
<datafield tag="024" ind2=" " ind1="8">
<subfield code="a">10.36443/10259/5869</subfield>
</datafield>
<datafield ind1=" " ind2=" " tag="653">
<subfield code="a">Evolución humana</subfield>
</datafield>
<datafield ind1=" " ind2=" " tag="653">
<subfield code="a">Pleistoceno</subfield>
</datafield>
<datafield ind1=" " ind2=" " tag="653">
<subfield code="a">Paleoecología</subfield>
</datafield>
<datafield ind1=" " ind2=" " tag="653">
<subfield code="a">Bioenergía</subfield>
</datafield>
<datafield ind1=" " ind2=" " tag="653">
<subfield code="a">Antropometría</subfield>
</datafield>
<datafield ind1=" " ind2=" " tag="653">
<subfield code="a">Human evolution</subfield>
</datafield>
<datafield ind1=" " ind2=" " tag="653">
<subfield code="a">Pleistocene</subfield>
</datafield>
<datafield ind1=" " ind2=" " tag="653">
<subfield code="a">Palaeoecology</subfield>
</datafield>
<datafield ind1=" " ind2=" " tag="653">
<subfield code="a">Bioenergetics</subfield>
</datafield>
<datafield ind1=" " ind2=" " tag="653">
<subfield code="a">Anthropometry</subfield>
</datafield>
<datafield tag="245" ind1="0" ind2="0">
<subfield code="a">El coste de la supervivencia en las poblaciones humanas del Pleistoceno</subfield>
</datafield>
</record></metadata></record></GetRecord></OAI-PMH>